Sports Quiz

Random Sports or Basketball Quiz
Score 0/14 Timer 04:00
1 Play Today
Men's Appearances (Wins) School % Correct
4 (4)Connecticut
96%
11 (5)Duke
92.5%
9 (5)North Carolina
86.7%
3 (2)Michigan State
62.2%
1 (1)Stanford
58.4%
5 (1)Ohio State
55.8%
1 (0)Baylor
51.6%
Men's Appearances (Wins) School % Correct
3 (3)Louisville
49.9%
2 (0)Oklahoma
46.3%
1 (1)Maryland
44.9%
3 (1)Syracuse
44.6%
1 (1)Virginia
40.5%
1 (0)Texas Tech
33.2%
1 (0)Purdue
26%
Remove Ads.
Support Sporcle.
Get the best of Sporcle when you Go Orange. This ad-free experience offers more features, more stats, and more fun while also helping to support Sporcle. Thank you for becoming a member.

You're not logged in!

Compare scores with friends on all Sporcle quizzes.
OR
Log In

Sporcle TV

Today on Sporcle TV


Watch our educational content, quiz creation guides, and fun videos on Sporcle TV.

Show Comments

Extras

Top Quizzes Today


Score Distribution

Paid Content

Your Account Isn't Verified!

In order to create a playlist on Sporcle, you need to verify the email address you used during registration. Go to your Sporcle Settings to finish the process.

Report this User

Report this user for behavior that violates our Community Guidelines.

Details: